The Scottish housing market (Record no. 110140)

MARC details
000 -LEADER
fixed length control field 01471cad a22002415a 4500
001 - CONTROL NUMBER
control field E148631
008 - FIXED-LENGTH DATA ELEMENTS--GENERAL INFORMATION
fixed length control field 091013e20090903xxkb f s000 0 eng d
035 ## - SYSTEM CONTROL NUMBER
System control number (Sirsi) u148631
041 0# - LANGUAGE CODE
Language code of text/sound track or separate title eng
050 04 - LIBRARY OF CONGRESS CALL NUMBER
Classification number 306.1 $2 18
100 1# - MAIN ENTRY--PERSONAL NAME
Personal name Burgess, Lizzy
245 04 - TITLE STATEMENT
Title The Scottish housing market
Remainder of title update
Medium [electronic resource]
260 ## - PUBLICATION, DISTRIBUTION, ETC.
Place of publication, distribution, etc. Edinburgh
Name of publisher, distributor, etc. Scottish Parliament
Date of publication, distribution, etc. 2009
490 #0 - SERIES STATEMENT
Series statement SPICe Briefing
Volume/sequential designation (09/58) 3 September 2009
505 2# - FORMATTED CONTENTS NOTE
Formatted contents note Executive summary -- Introduction -- House prices -- Geographical variations -- Housing market activity -- Mortgage lending -- Affordability -- First-time buyers -- Mortgage difficulties -- Support for homeowners: mortgage to shared equity scheme; mortgage to rent scheme -- Housebuilding industry -- Scottish Government policy measures -- Sources -- Related briefings
520 ## - SUMMARY, ETC.
Summary, etc. Sets out the ways in which the economic downturn is affecting the housing market in Scotland. Provides information on house prices, the housing market, affordability, support for first-time buyers and homeowners, mortgage arrears and repossessions and the housebuilding industry. Updates briefing 09/05 (see E147696).
521 ## - TARGET AUDIENCE NOTE
Target audience note Advanced
590 ## - LOCAL NOTE (RLIN)
Local note KA
651 #4 - SUBJECT ADDED ENTRY--GEOGRAPHIC NAME
Geographic name Scotland
Chronological subdivision 1999-
690 ## - LOCAL SUBJECT ADDED ENTRY--TOPICAL TERM (OCLC, RLIN)
Topical term or geographic name as entry element PROPERTY-RESIDENTIAL PROPERTY-RESIDENTIAL PROPERTY MARKET
856 40 - ELECTRONIC LOCATION AND ACCESS
Uniform Resource Identifier <a href="https://www.scottish.parliament.uk/business/research/briefings-09/SB09-58.pdf">https://www.scottish.parliament.uk/business/research/briefings-09/SB09-58.pdf</a>
Public note View the briefing free of charge at www.scottish.parliament.uk
942 ## - ADDED ENTRY ELEMENTS (KOHA)
Suppress in OPAC 0
Holdings
Withdrawn status Lost status Source of classification or shelving scheme Damaged status Not for loan Home library Current library Shelving location Date acquired Total Checkouts Full call number Barcode Date last seen Copy number Price effective from Koha item type
    Dewey Decimal Classification     Virtual Virtual Online 13/10/2009   ONLINE PUBLICATION 148631-2001 06/08/2019 1 06/08/2019 Book